Indian statutory commision vol-II (Record no. 552683)
[ view plain ]
| 000 -LEADER | |
|---|---|
| fixed length control field | 00329nam a22001217a 4500 |
| 082 ## - DEWEY DECIMAL CLASSIFICATION NUMBER | |
| Classification number | 526.9054 |
| Author Mark | IND |
| -- | L-tech, P-103 |
| 100 ## - MAIN ENTRY--PERSONAL NAME | |
| Personal name | Govt. of India |
| 9 (RLIN) | 42378 |
| 245 ## - TITLE STATEMENT | |
| Title | Indian statutory commision vol-II |
| Statement of responsibility, etc. | Govt. of India |
| 300 ## - PHYSICAL DESCRIPTION | |
| Extent | x,344p,: |
| 526 ## - STUDY PROGRAM INFORMATION NOTE | |
| Program name | 0 |
| Interest level | 0 |
| Reading level | 0 |
| Title point value | 526_905400000000000_IND |
| 650 ## - SUBJECT ADDED ENTRY--TOPICAL TERM | |
| Topical term or geographic name entry element | MCE |
| 9 (RLIN) | 379 |
| 942 ## - ADDED ENTRY ELEMENTS (KOHA) | |
| Source of classification or shelving scheme | |
| Koha item type | Book |
| Withdrawn status | Lost status | Source of classification or shelving scheme | Damaged status | Not for loan | Permanent Location | Current Location | Shelving location | Date acquired | Total Checkouts | Full call number | Barcode | Date last seen | Price effective from | Koha item type |
|---|---|---|---|---|---|---|---|---|---|---|---|---|---|---|
| Military College of Engineering (MCE) | Military College of Engineering (MCE) | 01/20/2015 | 526.9054 IND | MCE-R.205.9 | 01/20/2015 | 01/20/2015 | Book |
